Państwa na literę W - Statystyki

Ogólne statystyki
  • Ten quiz został rozwiązany 149 razy
  • Średni wynik to 8 z 10
Statystyki odpowiedzi
Państwo Kontynent Powierzchnia Liczba ludności % Poprawnych
Watykan Europa 0,44 km² 824
98%
Wenezuela Ameryka Południowa 916 445 km² 30 102 382
95%
Włochy Europa 301 230 km² 60 418 711
95%
Wielka Brytania Europa 244 820 km² 62 222 000
88%
Węgry Europa 93 030 km² 9 982 000
87%
Wietnam Azja 331 051 km² 86 024 600
87%
Wybrzeże Kości Słoniowej Afryka 322 460 km² 18 373 000
64%
Wyspy Świętego Tomasza i Książęca Afryka 1 001 km² 193 410
64%
Wyspy Salomona Australia i Oceania 28 450 km² 552 000
63%
Wyspy Marshalla Australia i Oceania 181 km² 59071
59%
Nie znaleziono quizów pasujących do podanych kryteriów
Rozkład punktacji
Procent ludzi z każdym wynikiem
Percentyl według liczby udzielonych odpowiedzi
Twoja historia wyników
Nie rozwiązałeś tego quizu